Reforming China international comparisons and reference /

Bibliographic Details
Main Author: Peng, Sen.
Corporate Author: ProQuest (Firm)
Other Authors: Zhang, Xiaochong., Jin, Chuntian.
Format: Electronic eBook
Language:English
Published: Singapore : Enrich Professional Pub., 2011.
Series:Enrich series on China's economic reform ; v. 5
Subjects:
Online Access:Click to View
LEADER 01570nam a2200397Ia 4500
001 EBC3238150
003 MiAaPQ
005 20200520144314.0
006 m o d |
007 cr cn|||||||||
008 110721s2011 si sb 001 0 eng d
020 |z 9789814298063 
020 |a 9789814298070 (electronic bk.) 
035 |a (MiAaPQ)EBC3238150 
035 |a (Au-PeEL)EBL3238150 
035 |a (CaPaEBR)ebr10605269 
035 |a (OCoLC)705538323 
040 |a MiAaPQ  |c MiAaPQ  |d MiAaPQ 
050 4 |a HC427.92  |b .P465 2011 
100 1 |a Peng, Sen. 
245 1 0 |a Reforming China  |h [electronic resource] :  |b international comparisons and reference /  |c Peng Sen, Zhang Xiaochong and Jin Chuntian ; [translated by Kou Liyan and Huang Leping]. 
260 |a Singapore :  |b Enrich Professional Pub.,  |c 2011. 
300 |a xiv, 389 p. 
440 0 |a Enrich series on China's economic reform ;  |v v. 5 
504 |a Includes bibliographical references and index. 
533 |a Electronic reproduction. Ann Arbor, MI : ProQuest, 2015. Available via World Wide Web. Access may be limited to ProQuest affiliated libraries. 
650 0 |a Economics  |z China. 
651 0 |a China  |x Economic policy  |y 1976-2000. 
651 0 |a China  |x Economic policy  |y 2000- 
651 0 |a China  |x Economic conditions  |y 1976-2000. 
651 0 |a China  |x Economic conditions  |y 2000- 
655 4 |a Electronic books. 
700 1 |a Zhang, Xiaochong. 
700 1 |a Jin, Chuntian. 
710 2 |a ProQuest (Firm) 
856 4 0 |u https://ebookcentral.proquest.com/lib/matrademy/detail.action?docID=3238150  |z Click to View